| 000 | 00836nam a2200241Ia 4500 | ||
|---|---|---|---|
| 005 | 20240530110947.0 | ||
| 008 | 140319s2003 xx 000 0 ara d | ||
| 020 | _a9953271240 | ||
| 040 |
_aGCL / _cGCL |
||
| 082 | 0 | 4 |
_a923.1 / _bز م |
| 100 | 1 | _aزاهية الدجانى | |
| 245 | 1 | 0 |
_aالملك فيصل بن عبد العزيز رجل وقضية / _cزاهية الدجانى |
| 250 | _aالاولى | ||
| 260 |
_aبيروت : _bدار الكتاب العربى، _c2003 |
||
| 300 |
_a96 ص ؛ _c20 سم |
||
| 490 | _aسلسلة عظماء التاريخ | ||
| 650 | 0 | 4 | _aفيصل بن عبدالعزيز |
| 650 | 0 | 4 | _aالسعودية - تاريخ - فيصل بن عبدالعزيز |
| 650 | 0 | 4 | _aالتراجم |
| 650 | 0 | 4 | _aالنفط |
| 942 |
_2ddc _cBK |
||
| 999 |
_c66925 _d66925 |
||